Defragmenting India : (Record no. 64611)

MARC details
000 -LEADER
fixed length control field 01357nam a22002177a 4500
005 - DATE AND TIME OF LATEST TRANSACTION
control field 20141028104313.0
010 ## - LCCN (DPL NO)
LC control number BAC-EN21 ENG-104936
020 ## - INTERNATIONAL STANDARD BOOK NUMBER
International Standard Book Number 9788132106562
Terms of availability 350.00
035 ## - SYSTEM CONTROL NUMBER
System control number EN-88469
037 ## - SOURCE OF ACQUISITION
Source of stock number/acquisition Aakar
037 ## - SOURCE OF ACQUISITION
Source of stock number/acquisition DBAD/PUB
082 ## - DEWEY DECIMAL CLASSIFICATION NUMBER
Classification number 305.80095475
100 ## - MAIN ENTRY--PERSONAL NAME
Personal name Nambiar, Harish
245 ## - TITLE STATEMENT
Title Defragmenting India :
Statement of responsibility, etc by Harish Nambiar
Remainder of title riding a bullet through the gathering storm /
260 ## - PUBLICATION, DISTRIBUTION, ETC. (IMPRINT)
Place of publication, distribution, etc New Delhi
Name of publisher, distributor, etc SAGE Publications
Date of publication, distribution, etc 2012
270 ## - ADDRESS
Address B1/I-1 Mohan Cooperative Industrial Area, Mathura Road
City New Delhi
Postal code 110044
300 ## - PHYSICAL DESCRIPTION
Extent viii,240p.
Dimensions 22cm(pbk)
505 ## - FORMATTED CONTENTS NOTE
Formatted contents note Acknowledgements -- Intimacies remapped -- The covered trucks -- Manto strikes -- An Iranian exile in Sambhalpur -- Sense and sensibility -- The moor in the idol junkyard -- Destinies, dynasties, and upstart pickpockets -- The soldier who annexed three states for three daughters -- "Our Shiv Sena" -- "Dangerous like my English teacher" -- The open circle -- Do children smell fear in sweat? -- Cardamom cloud over coffee -- The instinct to upgrade -- A Moses on his Harley Davidson -- Arabs, Jains, Mammon and Osama -- A drunken RSS man in Jassema -- Invisible migrations, furtive bleedings -- Epilogue -- About the author.
650 ## - SUBJECT ADDED ENTRY--TOPICAL TERM
Topical term or geographic name as entry element Social conflict
Geographic subdivision India
-- Gujarat
General subdivision History
Chronological subdivision 21st century
942 ## - ADDED ENTRY ELEMENTS (KOHA)
Source of classification or shelving scheme Dewey Decimal Classification
Item type English Books
Call number suffix NAM
Classification part 305.80095475
Holdings
Withdrawn status Lost status Not for loan Collection code Home library Current library Date acquired Source of acquisition Cost, normal purchase price Full call number Barcode Copy number Cost, replacement price Koha item type
    Not For Loan Non-fiction D.B.Act.Division D.B.Act.Division 03/04/2012 DBAD/PUB 350.00 305.80095475 NAM EN-88469 1 350.00 English Books

© Delhi Public Library
Hit Counter
free hit counter